000 00390nam a2200157Ia 4500
005 20240624043021.0
008 240331s9999 xx 000 0 und d
020 _a8177200410
082 _bSTO
_a894.811
100 _aStorr, A
245 0 _aFreud :
_bmikach churukkamana arimugam
260 _aputhanatham
_badaiyalam
_c2005
300 _a248 p .,
650 _a Arts & Culture
942 _cL
999 _c4124
_d4124